| 000 | 00584nam a2200205Ia 4500 | ||
|---|---|---|---|
| 999 |
_c528 _d528 |
||
| 003 | OSt | ||
| 005 | 20200215094752.0 | ||
| 008 | 190216s9999||||xx |||||||||||||| ||und|| | ||
| 020 | _a8172042051 | ||
| 020 | _a8172043430 | ||
| 020 | _a8182712416 | ||
| 040 | _coclc | ||
| 082 |
_a297.5 _bQUA/Q |
||
| 100 |
_aQuardavi, Yusuful _91878 |
||
| 245 | 0 |
_aQuardaviyude Fathvakal vol 1 &2 / _cYusuful Quardavi |
|
| 260 |
_bIslamic Publishing House, _c1994. _aKozhikode: |
||
| 300 | _a342p | ||
| 650 | _aArabic Literature | ||
| 942 |
_cBK _2ddc _h297.5 _iQUA/Q _k297.5 _mQUA/Q |
||